00825 2200289 4500001002100000005001700021008004100038020002200079035002500101040001200126082001600138090001800154100001700172245009900189250001000288260003000298300003900328650002900367650001500396700001700411700002000428850001200448990001800460990001800478990001800496990002100514INLIS00000000000468720160202110938.0  a978-602-291-011-4 a0010-041500000001753 aYOPDYOG 223a927.334 b927.334 Rud I aRUDY Gunawan aIndra Sjafrib: Menolak menyerahc/ F.X Rudy Gunawan; Editor, Ikhdah Henny dan Nurjannah Intan aEd. 1 aYogyakartabBentangc2014 axii, 188 hlm.b: ilus.c; 20,5 cm. aIndra Sjafri -- Biografi aSepak Bola aIKHDAH Henny aNURJANNAH Intan aYOPDYOG a12081-PD/B.15 a12082-PD/B.15 a12083-PD/B.15 aCB-D.11/2014-478